1644 1404 1178 1415 1996 1231 1963 1332 1390 1565 1552 1557 1898 1503 1723 1114 1159 1314 1728 1132 1971 1616 1728 1654 1638 1448 1131 1738 1907 1548 1148 1996 1180 1646 1038 1632 1142 1943 1196 1989 1815 1024 1441 1975 1002 1977 1184 1459 1282 1273 1883 1329 1152 1897 1869 1183 1320 1629 1971 1109 1125 1125 1058 1674 1689 1661 1852 1598 1262 1353 1378 1814 1745 1460 1046 1689 1656 1481 1398 1054 1102 1660 1705 1959 1752 1098 1849 1829 1355 1309 1859 1573 1812 1227 1209 1296 1997 1267 1213 BCNSPRNW ULIB Ver.6.0+V

เปลี่ยนเป็นภาษาไทย

Change to English
 แสดงรายละเอียดบรรณานุกรม
  กลับหน้าหลัก

Brief Record : Get Marc (ISO 2709) : E-mail record : QR code < ปิดหน้าต่าง
LEADER : 00000nam 2200000uu 4500
001    13399123850
003     ULIB
008    141208s||||||||th 000 0 tha d
020    ^a9789749391921
099    ^aนว^bส988บ
100 0  ^aโสภี พรรณราย
245 00 ^a เหลี่ยมเพชรกะรัต^cโสภี พรรณราย
260    ^aกรุงเทพ :^bbeauty,^c2549
945    ^p270^l0^i019195
999    ^aกมลทิพย์ ธนสารสุธี
รายการนี้ยังไม่มีแท็ก
คุณยังไม่ได้ล็อกอิน คุณสามารถมีกิจกรรมร่วมกับเว็บไซต์ได้ แต่ต้องล็อกอินก่อน ::
  ล็อกอิน

รายการสื่อสารสนเทศ

ลำดับที่ ประเภท เลขเรียก/บาร์โค้ด สถานที่ สถานะ
1. นวนิยาย
นวนิยาย
นว ส988บ ฉ.1 
  Barcode: 019195
ห้องสมุดวิทยาเขตนครสวรรค์
►นวนิยาย:l:Fiction
บนชั้น

รายการใกล้เคียง
    ผู้แต่ง [โสภี พรรณราย]

BibComment


ยังไม่เคยถูกคอมเมนท์

คอมเมนท์ทรัพยากรรายการนี้
  คอมเมนท์: เหลี่ยมเพชรกะรั..


 Copyright 2026. Bcnsprnw @Library